Citas bibliográficas de Kate Turabian

Bewaard in:
Bibliografische gegevens
Hoofdauteur: Turabian, Kate
Formaat: Boek
Taal:Undetermined
Gepubliceerd in: [s.l.] [s.n.] [s.f.]
Onderwerpen:
Tags: Voeg label toe
Geen labels, Wees de eerste die dit record labelt!

MARC

LEADER 00000nam a2200000Ia 4500
008 170316s9999 xx 000 0 und d
040 |a cru BVZT 
090 |a CG-001 T-1c 
100 |a Turabian, Kate 
245 |a Citas bibliográficas de Kate Turabian 
260 |a [s.l.] 
260 |b [s.n.] 
260 |c [s.f.] 
300 |a 40 páginas 
650 |a CULTURA GENERAL 
650 |a NORMAS 
650 |a ESTILO TURABIAN 
650 |a CITAS BIBLIOGRÁFICAS 
999 |c 15219  |d 15219 
942 |c 15 D  |h CG-001 T-1c  |2 z